000 00453nam a2200169 a 4500
005 20140310183329.0
008 060815s19uu xx 00 eng d
020 _a0582854415
050 _aG 1021
_b.P564 [ca.2000]
100 _aPhillipson, Olly
245 _aLongman student atlas /
_cOlly Phillipson.
260 _aU.S.A :
_bDorling Kindersly,
_c[ca.2000]
300 _a192 p. :
_c30 cm.
650 _aAtlas.
942 _cBK
_2lcc
999 _c21499
_d21499